00910cam a22002534a 4500020001800000020001500018020003100033020002800064040000800092082002600100245006400126260004400190300003500234490004400269650002500313650002500338700002300363700002400386710001600410856005900426942000700485999001700492952014700509 a9780821368701 a0821368702 a9780821368718 (electronic) a0821368710 (electronic) cDLC00a338 WOR 2008 A010 Or.00aRemittances and development :blessons from Latin America / aWashington, D.C. :bWorld Bank,cc2008. axxiv, 383 p. :bill. ;c23 cm.1 aLatin American development forum series 0aEmigrant remittances 0aEconomic development1 aFajnzylber, Pablo.1 aLopez, J. Humberto.2 aWorld Bank.41uhttp://www.loc.gov/catdir/toc/ecip0726/2007036235.html cEK c13730d13730 0010406338_000000000000000_WOR_2008_A010_OR70965067aLBAbLBAcA010d2017-08-30o338 WOR 2008 A010 Or.pA19183r2017-08-30w2017-08-30yEK